| 000 | 00927nam a22002537a 4500 | ||
|---|---|---|---|
| 008 | 081001t xxu||||| |||| 00| 0 eng d | ||
| 010 | _aENG-91082 | ||
| 020 |
_a9788190655354 _c1680.00 |
||
| 035 | _aEN-74615 | ||
| 037 | _bDBAD /PUB | ||
| 040 |
_adpl _bEnglish |
||
| 082 | _a332.1 | ||
| 100 | _aJain, J.N. | ||
| 245 |
_aModern banking and insurance: _bprinciples and techniques / _cby J.N. Jain [and] R.K. Jain |
||
| 260 |
_aNew Delhi _bRegal Publications _c2008 |
||
| 270 |
_aF-159, Rajouri Garden, _bNew Delhi _e110027 |
||
| 300 |
_axiv, 403p. _c25cm (Hb) |
||
| 500 | _aIncludes glossary and index | ||
| 650 | _aBanks and banking | ||
| 650 | _aInsurance | ||
| 700 | _aJain, R.K. | ||
| 942 |
_2ddc _cEN _mJAI _h332.1 |
||
| 999 |
_c16089 _d16089 |
||